Colossians

Commentaries on the book of Colossians

Bewaard in:
Bibliografische gegevens
Formaat: Boek
Taal:Undetermined
Gepubliceerd in: Bradenton, FL Bible Alliance 1985
Onderwerpen:
Tags: Voeg label toe
Geen labels, Wees de eerste die dit record labelt!
Thư viện lưu trữ: Trung tâm Học liệu Trường Đại học Cần Thơ
LEADER 00574nam a2200193Ia 4500
001 CTU_240027
008 210402s9999 xx 000 0 und d
082 |a 220 
082 |b C719 
245 0 |a Colossians 
245 0 |c Narrated by Mariano DiGangi 
260 |a Bradenton, FL 
260 |b Bible Alliance 
260 |c 1985 
520 |a Commentaries on the book of Colossians 
650 |a Bible,Kinh thánh 
650 |x Criticism, interpretation, etc.,Phê bình, giải thích, v.v. 
910 |b nthai 
980 |a Trung tâm Học liệu Trường Đại học Cần Thơ